Cow Breeds - Statistics

General Stats
  • This quiz has been taken 21 times
  • The average score is 6 of 27
Answer Stats
Picture Answer % Correct
Angus
72%
Holstein
61%
Texas Longhorn
61%
Belted Galloway
56%
Jersey
50%
Hereford
44%
Scottish Highland
44%
Charolais
33%
Limousin
28%
Brown Swiss
22%
Simmental
17%
Zebu
17%
Belgian Blue
11%
Hungarian Grey
11%
Water Buffalo
11%
Yak
11%
Ankole-Watusi
6%
English Longhorn
6%
Gyr
6%
Nguni
6%
Wagyu
6%
Afrikaner
0%
Beefmaster
0%
Chillingham
0%
Devon
0%
Rathi
0%
Tudanca
0%
No matching quizzes found
Score Distribution
Percent of People with Each Score
Percentile by Number Answered
Your Score History
You have not taken this quiz